000 00748cam a2200265 i 4500
001 3198066
003 Nust
005 20240107104220.0
008 770524s1976 enk 000 1 eng
010 _a 77356886
015 _aGB76-28449
020 _a978-0007683574
_cRs. 556
020 _a 000768357X
038 _aArshad
040 _aDLC
_cDLC
_dDLC
050 0 0 _aPZ4.A6725
_bNo 3
_aPR6051.R285
082 0 0 _a823.914
_bARC
100 1 _aArcher, Jeffrey,
_d1940-
_911436
245 1 0 _aNot a penny more, not a penny less /
_c[by] Jeffrey Archer.
260 _aLondon :
_bCape,
_c1976.
300 _a478 p. ;
_c23 cm.
650 _aFiction-English Literature
_910267
906 _a7
_bcbc
_corignew
_d3
_encip
_f19
_gy-gencatlg
942 _2ddc
_cBK
999 _c3972
_d3972